Statistics for Countries Producing Most Bananas - Total, by Area, by Population

Click here to take the quiz!

General Stats

  • This quiz has been taken 558 times
  • The average score is 17 of 30

Answer Stats

ANSWER% Correct
Brazil
94%
India
86%
Mexico
85%
Indonesia
83%
China
82%
Costa Rica
72%
Ecuador
70%
Guatemala
64%
Philippines
60%
Belize
59%
Dominica
58%
Suriname
50%
Tanzania
47%
Saint Lucia
42%
Saint Vincent and the Grenadines
41%
Angola
40%
Papua New Guinea
35%
Maldives
26%
Burundi
22%
Comoros
20%

Score Distribution

Percentile by Number Answered

Percent of People with Each Score

Your Score History

You have not taken this quiz